| 000 | 00456nam a2200169 4500 | ||
|---|---|---|---|
| 001 | 137093 | ||
| 003 | ES-MaACL | ||
| 005 | 20230906195316.0 | ||
| 007 | t| | ||
| 008 | 070214s1956 sp r ||||1| spa d | ||
| 100 | 1 |
_aSalvador, Tomás. _9102080 |
|
| 245 | 1 | 0 |
_aDiálogos en la oscuridad / _cTomás Salvador. |
| 250 | _a1ª. ed. | ||
| 260 |
_aBarcelona : _bLuis de Caralt, _c1956. |
||
| 300 |
_a245 p. ; _c20 cm. |
||
| 852 |
_aES-MaACL _jC-10471 _bR.38565 |
||
| 999 |
_c137093 _d137093 |
||